000 00840nam a2200265 i 4500
999 _c116347
_d116347
001 C2-0315079
003 PPAK
005 20190624114822.0
008 120506s2007 my a|||| ||||| | may d
020 _a9789838613378
040 _aPPAK
_beng
_cPPAK
_erda
082 0 4 _a808.51
_223
090 0 0 _a808.51
_bCHA
_dR
100 1 _aChan, Lai Keng,
_eauthor
245 1 0 _aTeknologi kultur in vitro untuk pengklonan tumbuhan, pemeliharaan germplasma dan penghasilan metabolit sekunder
264 1 _aPulau Pinang :
_bUniversiti Sains Malaysia ,
_c2007
300 _aviii, 86 pages :
_billustrations ;
_c22 cm
336 _2rdacontent
_atext
337 _2rdamedia
_aunmediated
338 _2rdacarrier
_avolume
490 1 _aSiri syarahan umum
650 1 0 _aSpecches, addresses, etc.
830 0 _aSiri syarahan umum
942 _cB
_2ddc